War Thunder memes - Statistics

General Stats
  • This quiz has been taken 172 times
  • The average score is 5 of 6
Answer Stats
Hint Answer % Correct
do players shower? No
99%
Do WT players have a private life No
99%
Is WT p2w Yes
96%
Currency Silver Lion
84%
p2w currency Golden Eagles
77%
Mode no one likes Naval
68%
No matching quizzes found
Score Distribution
Percent of People with Each Score
Percentile by Number Answered
Your Score History
You have not taken this quiz